Didáctica de la agricultura y de la economía rural /

Guardado en:
Autor Principal: Robin, Louis
Otros Autores: Lechene, Jean
Formato: Libro
Publicado: Buenos Aires : Kapelusz, 1963
Series:Bibl. de Cultura Pedag¢gica,80
Materias:
Etiquetas: Agregar Etiqueta
Sin Etiquetas, Sea el primero en etiquetar este registro!
LEADER 00638nam a22002055a 4500
001 CEM.cems005485
005 20060221000000.0
008 130507s1963##################000#0#####d
003 CEMS
082 0 4 |a 379.173 
100 1 |a Robin, Louis 
245 1 0 |a Didáctica de la agricultura y de la economía rural / 
260 |a Buenos Aires :  |b Kapelusz,  |c 1963 
300 |a 124 p. 
490 0 |a Bibl. de Cultura Pedag¢gica,80 
653 |a Educacion 
653 |a Educacion agricola 
700 1 |a Lechene, Jean 
859 |a CEMS  |b BIB. CEMS - 11 de abril  |h 379.173  |i R533  |p 5058.76  |t Ej.1 
859 |a CEMS  |b BIB. CEMS - 11 de abril  |h 379.173  |i R533  |p 5059.76  |t Ej.2